[Event "EU-chT prel"]
[Site "Aarhus"]
[Date "1971.09.07"]
[Round "3"]
[White "Hennings, Artur"]
[Black "Bednarski, Jacek B"]
[Result "1-0"]
[WhiteElo "2475"]
[BlackElo "2400"]

1.e4 c5 2.Nf3 e6 3.Nc3 a6 4.d4 cxd4 5.Nxd4 d6 6.f4 b5 7.Bd3 Bb7 8.Qe2 Nf6
9.Nf3 Nbd7 10.Bd2 Be7 11.O-O b4 12.Nd1 O-O 13.Nf2 Nc5 14.Kh1 a5 15.Rad1 Qc7
16.Nd4 Rac8 17.Nb3 Nxd3 18.cxd3 e5 19.Be3 a4 20.Rc1 Qb8 21.Na5 Ba8 22.fxe5 dxe5
23.Nc4 Qb5 24.b3 axb3 25.axb3 Bb7 26.Bg5 Rfd8 27.Ra1 Ra8 28.Rxa8 Rxa8 29.Bxf6 Bxf6
30.Ng4 Be7 31.Ngxe5 Bf6 32.Qf2 Qe8 33.Ng4 Be7 34.Qg3 Kh8 35.Nd6 Bxd6 36.Qxd6 Bc8
37.Ne5 Be6 38.Qxb4 Rb8 39.Qa4  1-0

[Event "EU-chT prel"]
[Site "Aarhus"]
[Date "1971.09.09"]
[Round "5"]
[White "Hennings, Artur"]
[Black "Hamann, Svend"]
[Result "0-1"]
[WhiteElo "2475"]
[BlackElo "2490"]

1.e4 c5 2.Nf3 e6 3.Nc3 a6 4.d4 cxd4 5.Nxd4 Qc7 6.Bd3 Nc6 7.Be3 Nf6 8.O-O Ne5
9.Be2 b5 10.f4 Nc4 11.Bc1 Bb4 12.e5 Bxc3 13.bxc3 Nd5 14.Qe1 Ncb6 15.Rf3 Na4
16.Bd2 Bb7 17.Kh1 Ndb6 18.Rg3 Nc4 19.Nb3 g6 20.Rd1 Bd5 21.Bc1 Rc8 22.Rd4 Nab6
23.Bf1 d6 24.exd6 Nxd6 25.Qe5 O-O 26.Bd3 Nbc4 27.Qg5 f5 28.Qh4 Qd8 29.Qh6 Qf6
30.Qh5 Rf7 31.Qd1 Rfc7 32.Nd2 Nb6 33.Bb2 Na4 34.Rxa4 bxa4 35.Bxa6 Rb8 36.Ba3 Ne4
37.Nxe4 Bxe4 38.Bd6 Rd7 39.Rd3 Bxd3 40.Bxb8 Bb5  0-1

[Event "DEN-ch"]
[Site "Hjorring"]
[Date "1971.??.??"]
[Round "4"]
[White "Petersen, Finn"]
[Black "Kolbak, Jens"]
[Result "1/2-1/2"]
[WhiteElo "2340"]
[BlackElo "2200"]

1.e4 c5 2.Nf3 e6 3.d4 cxd4 4.Nxd4 a6 5.Nc3 Qc7 6.g3 Nf6 7.Bg2 Be7 8.O-O O-O
9.Be3 d6 10.a4 Nc6 11.f4 Nxd4 12.Qxd4 e5 13.Qd2 Be6 14.f5 Bc4 15.Rfc1 Ng4
16.b3 Nxe3 17.Qxe3 d5 18.Qe1 Bb4 19.Nxd5 Qc5+ 20.Qf2 Bxd5 21.exd5 e4 22.c3 Qxf2+
23.Kxf2 Bc5+ 24.Ke2 Rfe8 25.b4 Bd6 26.Rab1 a5  1/2-1/2

[Event "Mar del Plata"]
[Site "Mar del Plata"]
[Date "1971.??.??"]
[Round "7"]
[White "Juarez, Carlos Eleodoro"]
[Black "Poch, Caesar G"]
[Result "0-1"]
[WhiteElo "2340"]
[BlackElo "2300"]

1.e4 c5 2.Nf3 e6 3.d4 cxd4 4.Nxd4 a6 5.Nc3 Qc7 6.Nb3 b5 7.a3 Bb7 8.Bd3 d6
9.O-O Nd7 10.f4 Ngf6 11.Qf3 Be7 12.Be3 Rc8 13.Rae1 O-O 14.Bc1 d5 15.exd5 Nxd5
16.Qh3 N5f6 17.f5 e5 18.g4 e4 19.g5 exd3 20.Rxe7 Nd5 21.Nxd5 Bxd5 22.g6 hxg6
23.Bf4 Qd8 24.Bg5 Rxc2 25.Rf2 Rxf2 26.Kxf2 Bxb3 27.Qxd3 Nf6 28.Qe2 Bc4  0-1

[Event "Mar del Plata"]
[Site "Mar del Plata"]
[Date "1971.??.??"]
[Round "8"]
[White "Browne, Walter S"]
[Black "Quinteros, Miguel A"]
[Result "0-1"]
[WhiteElo "2500"]
[BlackElo "2465"]

1.e4 c5 2.Nf3 e6 3.Nc3 a6 4.d4 cxd4 5.Nxd4 Qc7 6.g3 Nf6 7.Bg2 Be7 8.O-O O-O
9.f4 d6 10.g4 Nc6 11.Nxc6 bxc6 12.g5 Ne8 13.f5 exf5 14.exf5 d5 15.Kh1 Bd6
16.g6 h6 17.f6 Nxf6 18.Rxf6 gxf6 19.Bxh6 fxg6 20.Nxd5 Qh7 21.Nb6 Be5 22.Nxa8 Qxh6
23.Qg1 Rd8 24.Nb6 Bd4 25.Qf1 Bxb6 26.Qxf6 Bc7 27.h4 Rf8 28.Qe7 Qf4  0-1

[Event "Mar del Plata"]
[Site "Mar del Plata"]
[Date "1971.??.??"]
[Round "13"]
[White "Juarez, Carlos Eleodoro"]
[Black "Gheorghiu, Florin"]
[Result "0-1"]
[WhiteElo "2340"]
[BlackElo "2530"]

1.e4 c5 2.Nf3 e6 3.d4 cxd4 4.Nxd4 a6 5.Nc3 Qc7 6.Be3 Nf6 7.a3 b5 8.Be2 Bb7
9.O-O Nxe4 10.Nxe4 Bxe4 11.Rc1 Nc6 12.Kh1 Nxd4 13.Qxd4 Qb7 14.f3 Bc6 15.c3 f6
16.Rfe1 Be7 17.Bd3 O-O 18.Bb1 Rac8 19.Qh4 g6 20.Rcd1 Rf7 21.Qg3 Kh8 22.Rd4 Rg8
23.Rh4 f5 24.Rh6 Bf6 25.Bf4 Qc8 26.Qf2 Bd5 27.Bd3 Qf8 28.Rh3 g5 29.Be5 g4
30.Rh5 gxf3 31.gxf3 Bxe5 32.Rxe5 Qc5 33.Re3 Rfg7  0-1

[Event "Novy Smokovec"]
[Site "Novy Smokovec"]
[Date "1971.??.??"]
[Round "1"]
[White "Privara, Igor"]
[Black "Gross, Stefan"]
[Result "1/2-1/2"]
[WhiteElo "2200"]
[BlackElo "2200"]

1.e4 c5 2.Nf3 e6 3.d4 cxd4 4.Nxd4 a6 5.Nc3 Qc7 6.g3 Nf6 7.Bg2 Be7 8.O-O O-O
9.f4 Nc6 10.Be3 d6 11.h3 Bd7 12.Nde2 Rac8 13.g4 Na5 14.b3 Rfd8 15.Qe1 b5
16.Qf2 Rb8 17.g5 Ne8 18.f5 Nc6 19.fxe6 Bxe6 20.Nd5 Qd7 21.Rad1 Nc7 22.Nd4 Bf8
23.Nxc6 Qxc6 24.Bd4 Ne8 25.Rd3 b4 26.Nf4 Qd7 27.Rf3 Rb7 28.g6 hxg6 29.Nxg6 Nc7
30.Nxf8 Kxf8 31.Bxg7+ Kxg7 32.Qd4+ Kf8 33.Qh8+ Ke7 34.Qh4+ Ke8 35.Qh8+  1/2-1/2

[Event "Hoogovens-B"]
[Site "Wijk aan Zee"]
[Date "1971.??.??"]
[Round "?"]
[White "Minic, Dragoljub"]
[Black "Van Scheltinga, Theo D"]
[Result "1-0"]
[WhiteElo "2490"]
[BlackElo "2370"]

1.e4 c5 2.Nf3 e6 3.d4 cxd4 4.Nxd4 a6 5.Nc3 Qc7 6.f4 Nc6 7.Nb3 b5 8.Bd3 d6
9.Be3 Nf6 10.Qe2 Be7 11.O-O-O Bd7 12.g4 h6 13.h4 h5 14.g5 Ng4 15.Rhf1 Nb4
16.Bd4 Nxd3+ 17.Qxd3 b4 18.Ne2 Bb5 19.Qf3 Rc8 20.Rd2 Nh2 21.Qf2 Nxf1 22.Qxf1 e5
23.Be3 a5 24.Kb1 a4 25.Nbc1 a3 26.b3 exf4 27.Qxf4 g6 28.Ng3 Qd7  1-0

[Event "Hoogovens-B"]
[Site "Wijk aan Zee"]
[Date "1971.??.??"]
[Round "?"]
[White "Ciocaltea, Victor"]
[Black "Van Scheltinga, Theo D"]
[Result "0-1"]
[WhiteElo "2460"]
[BlackElo "2370"]

1.e4 c5 2.Nf3 e6 3.d4 cxd4 4.Nxd4 a6 5.Nc3 Qc7 6.Bd3 Nc6 7.Nb3 Nf6 8.f4 d6
9.Be3 Be7 10.O-O b5 11.Qf3 Bb7 12.Rae1 Nb4 13.a3 Nxd3 14.cxd3 O-O 15.Rc1 Qd7
16.Nd4 Ne8 17.Qh3 f5 18.exf5 exf5 19.Ne4 g6 20.Nf3 Nf6 21.Nfg5 fxe4 22.f5 Rac8
23.Ne6 Bd5 24.Nxf8 Rxf8 25.Bh6 Re8 26.Qg3 Bf7 27.dxe4 Nxe4 28.Qd3 gxf5 29.Be3 d5
30.Bd4 Bg6 31.Qh3 Rc8 32.Qh6 Bf8 33.Qf4 Bd6 34.Qh6 Rc4 35.Rxc4 dxc4 36.Rd1 Bc5
37.Qe3 f4  0-1

[Event "Hoogovens-B"]
[Site "Wijk aan Zee"]
[Date "1971.??.??"]
[Round "?"]
[White "Kostro, Jerzy"]
[Black "Van Scheltinga, Theo D"]
[Result "1/2-1/2"]
[WhiteElo "2380"]
[BlackElo "2370"]

1.e4 c5 2.Nf3 e6 3.d4 cxd4 4.Nxd4 a6 5.Nc3 Qc7 6.g3 Nc6 7.Bg2 d6 8.O-O Bd7
9.Re1 Be7 10.Nxc6 bxc6 11.Na4 e5 12.c4 Nf6 13.c5 d5 14.Nb6 Rd8 15.exd5 Bxc5
16.Nxd7 Rxd7 17.Bf4 Re7 18.Bg5 Qb6 19.Re2 cxd5 20.Bxf6 gxf6 21.Qa4+ Kf8 22.Bxd5 h5
23.Rc1 h4 24.Rc4 hxg3 25.hxg3 Qd6 26.Qc6 Qxc6 27.Bxc6 Bd4 28.Be4 Kg7 29.Rec2 Rb8
30.b3 a5 31.Rc7 Rxc7 32.Rxc7 Bb6 33.Rc6 Bd8 34.Rd6 Kf8 35.Rd7 Be7 36.Ra7 Rb5
37.Bd3 Rc5 38.Bc4 f5 39.Kf1 e4 40.Ke2 Re5 41.Rb7 Kg7 42.f4 exf3+ 43.Kxf3 Kg6
44.Rb6+ f6 45.Ra6 Bb4 46.Ra7 Re3+ 47.Kg2  1/2-1/2

[Event "Islington op"]
[Site "Islington"]
[Date "1972.12.16"]
[Round "2"]
[White "Shepstone, Andrew"]
[Black "Kovic, D."]
[Result "1/2-1/2"]
[WhiteElo "2112"]
[BlackElo "2104"]

1.e4 c5 2.Nf3 e6 3.d4 cxd4 4.Nxd4 a6 5.Nc3 Qc7 6.g3 Nf6 7.Bg2 Bb4 8.O-O Bxc3
9.bxc3 O-O 10.Bg5 d6 11.Qd2 Ne8 12.Rad1 b5 13.f4 h6 14.Bh4 Bb7 15.f5 e5 16.f6 exd4
17.fxg7 Kxg7 18.Bg5 hxg5 19.Qxg5+ Kh7 20.Rf4 Ng7 21.Bh3 f5 22.exf5 Qc6 23.Kf2 Qxc3
24.Re1 Qxc2+ 25.Re2 Qc5 26.Qg6+ Kg8 27.Ke1 d3 28.f6 Qc1+  1/2-1/2

[Event "Islington op"]
[Site "Islington"]
[Date "1972.12.16"]
[Round "3"]
[White "Botterill, George Steven"]
[Black "Ashby, Alan P"]
[Result "1-0"]
[WhiteElo "2440"]
[BlackElo "2080"]

1.e4 c5 2.Nf3 e6 3.d4 cxd4 4.Nxd4 a6 5.Nc3 Qc7 6.Bd3 Nc6 7.Be3 Nf6 8.O-O b5
9.Nb3 Ne5 10.h3 d6 11.f4 Nc4 12.Bxc4 Qxc4 13.e5 b4 14.exf6 bxc3 15.fxg7 Bxg7
16.Qxd6 Qe4 17.Rad1 Bb7 18.Qd7+ Kf8 19.Rf3 Bd5 20.Rg3 h5 21.Nc5 Qf5 22.Rg5 Qf6
23.Rgxd5 exd5 24.Qxd5 Ra7 25.Ne4 Qe6 26.Qd8+ Qe8 27.Bc5+  1-0

[Event "Buenos Aires CA"]
[Site "Buenos Aires"]
[Date "1972.??.??"]
[Round "4"]
[White "Pilnik, Herman"]
[Black "Juarez, Carlos Eleodoro"]
[Result "1-0"]
[WhiteElo "2450"]
[BlackElo "2320"]

1.e4 c5 2.Nf3 e6 3.d4 cxd4 4.Nxd4 a6 5.Nc3 Qc7 6.g3 Nf6 7.Bg2 Be7 8.O-O O-O
9.f4 d6 10.Kh1 Nc6 11.a3 Rd8 12.Nb3 b5 13.g4 Bb7 14.g5 Ne8 15.f5 Bf8 16.fxe6 fxe6
17.Nd5 Qd7 18.g6 hxg6 19.Nb6 Qe7 20.Nxa8 Bxa8 21.Qg4 Ne5 22.Qh3 Nc7 23.Qg3 Qe8
24.Bg5 Be7 25.Rf2 Qd7 26.Raf1 Rf8 27.Nc5 Qe8 28.Bxe7 Rxf2 29.Rxf2 Qxe7 30.Nd3 Nc4
31.b3  1-0

[Event "Buenos Aires CA"]
[Site "Buenos Aires"]
[Date "1972.??.??"]
[Round "11"]
[White "Schweber, Samuel"]
[Black "Debarnot, Roberto"]
[Result "1/2-1/2"]
[WhiteElo "2445"]
[BlackElo "2375"]

1.e4 c5 2.Nf3 e6 3.Nc3 a6 4.d4 cxd4 5.Nxd4 Qc7 6.Bd3 b5 7.O-O Nf6 8.Qe2 d6
9.Bd2 Bb7 10.a4 b4 11.Na2 Qb6 12.Nb3 d5 13.a5 Qc7 14.e5 Nfd7 15.c4 Nc6 16.Kh1 Nc5  1/2-1/2

[Event "Buenos Aires CA"]
[Site "Buenos Aires"]
[Date "1972.??.??"]
[Round "11"]
[White "Juarez, Carlos Eleodoro"]
[Black "Szmetan, Jorge"]
[Result "0-1"]
[WhiteElo "2320"]
[BlackElo "2365"]

1.e4 e6 2.Nf3 c5 3.d4 cxd4 4.Nxd4 a6 5.Nc3 Qc7 6.Bd3 Nc6 7.Be3 Nf6 8.O-O Ne5
9.h3 Bc5 10.Qe2 d6 11.f4 Ng6 12.Nb3 Bxe3+ 13.Qxe3 O-O 14.Rae1 b5 15.a3 Rb8
16.Kh2 b4 17.axb4 Rxb4 18.g4 Bb7 19.f5 Ne5 20.g5 Nfg4+  0-1

[Event "Esbjerg op"]
[Site "Esbjerg"]
[Date "1972.??.??"]
[Round "1"]
[White "Hamann, Svend"]
[Black "Hansen, Ja"]
[Result "1-0"]
[WhiteElo "2490"]
[BlackElo "2200"]

1.e4 c5 2.Nf3 e6 3.d4 cxd4 4.Nxd4 a6 5.Nc3 Qc7 6.g3 Nf6 7.Bg2 Be7 8.O-O O-O
9.Re1 d6 10.a4 Nc6 11.Nxc6 bxc6 12.a5 e5 13.Be3 Be6 14.Na4 d5 15.Bb6 Qb8
16.exd5 Bxd5 17.Qe2 Bd6 18.c4 Bxg2 19.Kxg2 e4 20.Be3 Be5 21.Red1 Re8 22.Nb6 Ra7
23.Rd2 Rae7 24.Rad1 h6 25.Rb1 Re6 26.b4 Qb7 27.b5 c5 28.Nd5 Bd4 29.Bxd4 cxd4
30.Rxd4 axb5 31.Rxb5 Qc6 32.Ne3 Ra8 33.Qd2 Ree8 34.Rd6 Qc7 35.c5 Re5 36.Qd4 Rh5
37.Rxf6 gxf6 38.Nd5 Qe5 39.Nxf6+ Kh8 40.Qd1 Rf5 41.Ng4 Qc3 42.Rb3 Qxc5 43.Qa1+ f6
44.a6 Qc6 45.Ne3 Rxa6 46.Rb8+ Kh7 47.Qd4 Rg5 48.Qd8 Rg7 49.Nf5 e3+ 50.Kh3 Qd7
51.Qh8+ Kg6 52.g4 Ra7 53.Qxh6+ Kf7 54.Qxg7+ Ke6  1-0

[Event "Esbjerg op"]
[Site "Esbjerg"]
[Date "1972.??.??"]
[Round "7"]
[White "Enevoldsen, Jens"]
[Black "Hansen, Ja"]
[Result "1/2-1/2"]
[WhiteElo "2350"]
[BlackElo "2200"]

1.e4 c5 2.Nf3 e6 3.d4 cxd4 4.Nxd4 a6 5.Nc3 Qc7 6.g3 Nf6 7.Bg2 Be7 8.O-O O-O
9.f4 d6 10.a4 Nc6 11.Nb3 b6 12.g4 Rb8 13.g5 Nd7 14.f5 b5 15.axb5 axb5 16.Kh1 Rd8
17.Qh5 Nde5 18.Ne2 Nb4 19.c3 Nbd3 20.Nbd4 g6 21.Qh4 exf5 22.exf5 Bb7 23.fxg6 Bxg2+
24.Kxg2 hxg6 25.Kg1 b4 26.Bf4 Nxb2 27.Bxe5 dxe5 28.Rxf7 Kxf7 29.Qh7+ Ke8
30.Qxg6+ Kd7 31.Qe6+ Ke8 32.Qg6+  1/2-1/2

[Event "Esbjerg op"]
[Site "Esbjerg"]
[Date "1972.??.??"]
[Round "8"]
[White "Petersen, Finn"]
[Black "Zeuthen, Steffen"]
[Result "1-0"]
[WhiteElo "2340"]
[BlackElo "2200"]

1.e4 c5 2.Nf3 e6 3.d4 cxd4 4.Nxd4 a6 5.Nc3 Qc7 6.g3 Nf6 7.Bg2 Nc6 8.O-O Nxd4
9.Qxd4 Bc5 10.Bf4 d6 11.Qd3 h6 12.Na4 e5 13.Bd2 Be6 14.Nxc5 dxc5 15.a4 Rd8
16.Qe2 O-O 17.Bc3 Nd7 18.f4 f6 19.f5 Bf7 20.g4 Nb8 21.h4 Nc6 22.Rf2 Nd4 23.Qe3 Rd6
24.g5 fxg5 25.hxg5 hxg5 26.Qxg5 Qd8 27.Qg3 Re8 28.Raf1 Kf8 29.b4 Bc4 30.Re1 Rh6
31.bxc5 Ne2+ 32.Rfxe2 Bxe2 33.Rxe2 Qd1+ 34.Qe1 Qd7 35.a5 Qf7 36.Rd2 Qh5 37.Qg3 g6
38.Bxe5 g5 39.Bd6+ Kg8 40.e5 g4 41.Rd4 Qxf5 42.Qxg4+  1-0

[Event "WchT U26"]
[Site "Graz"]
[Date "1972.??.??"]
[Round "2"]
[White "Sax, Gyula"]
[Black "Gross, Stefan"]
[Result "1-0"]
[WhiteElo "2445"]
[BlackElo "2200"]

1.e4 c5 2.Nf3 e6 3.Nc3 a6 4.d4 cxd4 5.Nxd4 Qc7 6.g3 Nf6 7.Bg2 Be7 8.O-O O-O
9.a4 Nc6 10.Nde2 Rd8 11.Nf4 Rb8 12.Qe2 d6 13.b3 g5 14.Nd3 Nd4 15.Qd2 Qxc3
16.Qxg5+ Kf8 17.Bb2 Ng8 18.Qe3 Nxc2 19.Bxc3 Nxe3 20.fxe3 Ke8 21.Bd4 b5 22.e5 d5
23.a5 Bb7 24.Bf3 f5 25.exf6 Nxf6 26.Be2 Ne4 27.Bh5+ Kd7 28.Ne5+ Kd6 29.Nf7+ Kd7
30.Nxd8 Rxd8 31.Rac1 Bc6 32.Rf7 Rc8 33.Rxh7 Kd6 34.Bg4 Bg5 35.Ra7 e5 36.Bb6 Rf8
37.Bc7+ Ke7 38.Bxe5+ Kd8 39.Bd4  1-0

[Event "WchT U26"]
[Site "Graz"]
[Date "1972.??.??"]
[Round "5"]
[White "Urzica, Aurel"]
[Black "Velikov, Petar"]
[Result "1-0"]
[WhiteElo "2260"]
[BlackElo "2335"]

1.e4 c5 2.Nf3 e6 3.d4 cxd4 4.Nxd4 a6 5.Nc3 Qc7 6.Be2 Nf6 7.O-O Nc6 8.Be3 Be7
9.f4 d6 10.Qe1 O-O 11.Kh1 Bd7 12.Rd1 b5 13.a3 Na5 14.e5 Ne8 15.Nf5 Nc6 16.exd6 Bxd6
17.Nxd6 Nxd6 18.Bc5 Nf5 19.Bxf8 Rxf8 20.Bd3 Ncd4 21.Ne4 Bc6 22.Qf2 h5 23.c3 Nb3
24.Rfe1 h4 25.Ng5 h3 26.Nxh3 Nc5 27.Bc2 g6 28.Ng5 Kg7 29.b4 Nd7 30.Rxe6  1-0

[Event "Las Palmas"]
[Site "Las Palmas"]
[Date "1972.??.??"]
[Round "6"]
[White "Dominguez Sanz, Juan P"]
[Black "Portisch, Lajos"]
[Result "0-1"]
[WhiteElo "2200"]
[BlackElo "2640"]

1.e4 c5 2.Nf3 e6 3.d4 cxd4 4.Nxd4 a6 5.Nc3 Qc7 6.a3 b5 7.g3 Bb7 8.Bg2 Nf6
9.Qe2 Be7 10.O-O d6 11.Rd1 O-O 12.Be3 Nbd7 13.f4 Nb6 14.Rd3 Nfd7 15.Rf1 Nc5
16.Rdd1 Nba4 17.Nxa4 bxa4 18.Bf2 Rfe8 19.Rfe1 Bf8 20.Qc4 Rac8 21.b3 Qb8 22.Qe2 e5
23.fxe5 dxe5 24.Nf5 axb3 25.cxb3 Nxb3 26.Rd7 Rc7 27.Rxc7 Qxc7 28.Rd1 g6 29.Ne3 Nd4
30.Qb2 Bg7 31.Rb1 Bc6 32.Nd5 Bxd5 33.exd5 Nb5 34.Rc1 e4 35.Qd2 Bc3 36.Qe3 Bd4
37.Rxc7 Bxe3 38.Rc6 Bd2 39.Kf1 e3 40.Bxe3 Bxe3  0-1

[Event "Las Palmas"]
[Site "Las Palmas"]
[Date "1972.??.??"]
[Round "7"]
[White "Medina Garcia, Antonio Angel"]
[Black "Smyslov, Vassily"]
[Result "1/2-1/2"]
[WhiteElo "2380"]
[BlackElo "2620"]

1.e4 c5 2.Nf3 e6 3.d4 cxd4 4.Nxd4 a6 5.Nc3 Qc7 6.g3 Bb4 7.Ne2 Nf6 8.Bg2 d6
9.O-O Nbd7 10.Bd2 Bc5 11.Nf4 O-O 12.Qe2 Ne5 13.Rad1 b5 14.Nh5 Nxh5 15.Qxh5 Bb7
16.Kh1 Nc4 17.Bc1 Bc6 18.b3 Na3 19.Rd2 Qb7 20.f3 f5 21.exf5 Rxf5 22.Qh3 b4
23.Ne2 Nb5 24.f4 Rc8 25.Rd3 Bxg2+ 26.Qxg2 Qxg2+ 27.Kxg2 d5 28.c3 Rf7 29.Bd2 a5
30.Rc1 Rfc7 31.c4 dxc4 32.Rxc4 Na3 33.Rc1 Kf7 34.g4 Be7 35.Rxc7 Rxc7 36.Ng3 Rc2
37.Kf3 Rxa2 38.Ne4 Ke8 39.f5 exf5 40.gxf5 Rc2 41.Bf4 Bf6 42.Nd6+ Ke7 43.Ne4 Rc6
44.Bd6+ Kf7 45.Rd5 a4 46.bxa4 Nc2 47.Ra5 Ke8 48.Ra7 b3 49.Rb7  1/2-1/2

[Event "URS-chT Moscow"]
[Site "Moscow"]
[Date "1972.??.??"]
[Round "?"]
[White "Mnatsakanian, Eduard A"]
[Black "Mukhin, Evgeny B"]
[Result "1-0"]
[WhiteElo "2410"]
[BlackElo "2420"]

1.e4 c5 2.Nf3 e6 3.d4 cxd4 4.Nxd4 a6 5.Nc3 Qc7 6.Bd3 Nf6 7.Be3 Bd6 8.h3 Nc6
9.O-O b5 10.Qe2 Bb7 11.a3 O-O 12.f4 b4 13.axb4 Bxb4 14.e5 Bxc3 15.exf6 Bxd4
16.Bxd4 Nxd4 17.Bxh7+ Kxh7 18.Qh5+ Kg8 19.fxg7 f6 20.gxf8=Q+ Kxf8 21.Qh8+ Ke7
22.Qg7+ Kd6 23.Rad1 Kc5 24.Qe7+ Kc4 25.b3+ Kd5 26.c4+ Kc6 27.Rxd4 Rg8 28.Rfd1 Kb6
29.R1d2 Bc6 30.Qxf6 Qb8 31.Qe7 a5 32.Rxd7 Qxf4 33.Qxe6 Rxg2+ 34.Rxg2 Qc1+
35.Kh2 Qf4+ 36.Kg1 Qc1+ 37.Kf2 Qc2+ 38.Qe2 Qf5+ 39.Kg1 Qxd7 40.Qe3+ Ka6 41.Rd2 Qg7+
42.Kh2 Qf6 43.Rf2 Qd6+ 44.Rf4 Qg6 45.Qf2 Qd6 46.Qd4 Qg6 47.Rf2 Kb7 48.Re2 Qf7
49.Qd6 Qf3 50.Qe7+ Ka6 51.Qe3 Qf6 52.Qe5 Qf3 53.b4 axb4 54.Ra2+ Kb7 55.Qg7+ Kb8
56.Qg3+  1-0

[Event "Rubinstein mem"]
[Site "Polanica Zdroj"]
[Date "1972.??.??"]
[Round "9"]
[White "Zuckerman, Bernard"]
[Black "Adamski, Jan"]
[Result "1/2-1/2"]
[WhiteElo "2460"]
[BlackElo "2370"]

1.e4 c5 2.Nf3 e6 3.d4 cxd4 4.Nxd4 a6 5.Nc3 d6 6.Bd3 Nf6 7.f4 g6 8.Qf3 Bg7
9.Be3 O-O 10.O-O-O Qc7 11.g4 Nc6 12.g5 Nd7 13.Qf2 b5 14.Nxc6  1/2-1/2

[Event "Sao Paulo zt"]
[Site "Sao Paulo"]
[Date "1972.??.??"]
[Round "6"]
[White "Rodriguez Vargas, Orestes"]
[Black "Juarez, Carlos Eleodoro"]
[Result "1/2-1/2"]
[WhiteElo "2420"]
[BlackElo "2340"]

1.e4 c5 2.Nf3 e6 3.d4 cxd4 4.Nxd4 a6 5.Nc3 Qc7 6.g3 Nf6 7.Bg2 Be7 8.O-O O-O
9.Be3 Nc6 10.Qe2 d6 11.Rad1 Bd7 12.Nxc6 Bxc6 13.Rfe1 b5 14.Bf4 Rfe8 15.a3 Rad8
16.e5 dxe5 17.Qxe5  1/2-1/2

[Event "Sao Paulo zt"]
[Site "Sao Paulo"]
[Date "1972.??.??"]
[Round "13"]
[White "Quinones, Oscar Carillo"]
[Black "Camara, Helder"]
[Result "1/2-1/2"]
[WhiteElo "2290"]
[BlackElo "2390"]

1.e4 c5 2.Nf3 e6 3.d4 cxd4 4.Nxd4 a6 5.Nc3 Qc7 6.g3 Nf6 7.Bg2 Nc6 8.O-O Be7
9.b3 O-O 10.Bb2 d6 11.Nce2 Bd7 12.c4 Rfd8 13.Rc1 Qa5 14.a3 Qh5 15.Nc3 Nxd4
16.Qxd4 Bc6 17.Rfe1 Rac8 18.Nd5 Bxd5 19.exd5 e5 20.Qd1 Qh6 21.f4 Nd7 22.fxe5 Nxe5
23.Bxe5 dxe5 24.b4 Bg5 25.Rc2 Be3+ 26.Kh1 b6 27.Qd3 Bd4 28.Rf1 Qd6 29.Qf5 Rc7
30.Be4 g6 31.Qf6  1/2-1/2

[Event "Skopje ol (Men) prel"]
[Site "Skopje"]
[Date "1972.??.??"]
[Round "1"]
[White "Benitez, Francisco"]
[Black "Muco, Fatos"]
[Result "0-1"]
[WhiteElo "2200"]
[BlackElo "2200"]

1.e4 c5 2.Nf3 e6 3.d4 cxd4 4.Nxd4 a6 5.Nc3 Qc7 6.Bd3 Nc6 7.Nxc6 dxc6 8.O-O b5
9.Qe2 c5 10.e5 Rb8 11.f4 c4 12.Be4 Bc5+ 13.Be3 Ne7 14.Qf2 Bxe3 15.Qxe3 b4
16.Ne2 Bb7 17.Ng3 O-O 18.Nh5 Bxe4 19.Qxe4 Qc5+ 20.Kh1 Rfd8 21.Rad1 c3 22.bxc3 bxc3
23.Rd3 Rxd3 24.Qxd3 Qb5 25.Qd1 Qd5 26.Qg4 Ng6 27.h4 Qxa2 28.f5 exf5 29.Qxf5 Qc4
30.g3 Qd5+ 31.Kh2 Nxe5  0-1

[Event "Skopje ol (Men) fin-D"]
[Site "Skopje"]
[Date "1972.??.??"]
[Round "2"]
[White "Krstic, Slobodan"]
[Black "Choon Foo, LC."]
[Result "1/2-1/2"]
[WhiteElo "2200"]
[BlackElo "2220"]

1.e4 c5 2.Nf3 e6 3.Nc3 a6 4.d4 cxd4 5.Nxd4 Qc7 6.g3 Nf6 7.Bg2 Bc5 8.O-O Nc6
9.Nb3 Bb6 10.Bf4 e5 11.Bg5 Ne7 12.Qf3 Neg8 13.Rfd1 h6 14.Be3 Bxe3 15.Qxe3 b6
16.Rd3 Ne7 17.Rad1 Nc6 18.Nd5 Qd8 19.Nxb6 Rb8 20.Nd5 O-O 21.Nxf6+ Qxf6 22.Rd6 Qe7
23.Bh3 Nd4 24.Rd5 Nxc2 25.Qc3 Nb4 26.Rd6 Nxa2 27.Qe3 Bb7 28.Nc5 Bc8 29.Bf5 Rb5
30.h4 Nb4 31.Nxd7 Bxd7 32.Rxd7 Qc5 33.Qf3 Nc6 34.R7d5 Qb6 35.Rxb5 Qxb5 36.Rd6 Nd4
37.Qg4 Nxf5 38.Qxf5 Qxb2 39.Rxa6 Qc1+ 40.Kg2 Qc8  1/2-1/2

[Event "Skopje ol (Men) prel"]
[Site "Skopje"]
[Date "1972.??.??"]
[Round "2"]
[White "Krstic, Slobodan"]
[Black "Choon Foo, LC."]
[Result "1-0"]
[WhiteElo "2200"]
[BlackElo "2200"]

1.e4 c5 2.Nf3 e6 3.d4 cxd4 4.Nxd4 a6 5.Nc3 Qc7 6.g3 b5 7.Bg2 Bb7 8.O-O Nf6
9.Re1 d6 10.Bg5 Be7 11.Bxf6 Bxf6 12.Ndxb5 axb5 13.Nxb5 Qc6 14.Nxd6+ Ke7 15.Nxb7 Bxb2
16.e5 Qc7 17.Qd6+ Qxd6 18.exd6+ Kd7 19.Rad1 Rxa2 20.Nc5+ Kd8 21.c4 e5 22.Re2 Ra1
23.Rxa1 Bxa1 24.Ra2 Bd4 25.Ra8  1-0

[Event "Skopje ol (Men) fin-D"]
[Site "Skopje"]
[Date "1972.??.??"]
[Round "4"]
[White "Simon, R."]
[Black "Raizman, Maurice"]
[Result "0-1"]
[WhiteElo "2200"]
[BlackElo "2200"]

1.e4 c5 2.Nf3 e6 3.d4 cxd4 4.Nxd4 a6 5.Nc3 Qc7 6.g3 b5 7.Bf4 Qa5 8.Nb3 Qb6
9.Be3 Qc7 10.a3 Bb7 11.Bg2 Nf6 12.O-O d6 13.Qe2 Nbd7 14.f4 Be7 15.Rac1 O-O
16.g4 Qc4 17.Qf3 Qc7 18.g5 Ne8 19.h4 g6 20.h5 Ng7 21.hxg6 fxg6 22.Qh3 Rf7
23.Nd4 e5 24.fxe5 Nxe5 25.Rxf7 Nxf7 26.Ne6 Nxe6 27.Qxe6 Bxg5 28.Bxg5 Qc5+
29.Kh1 Qxg5 30.Rf1 Rf8 31.Nd5 Bxd5 32.Qxd5 Qxd5 33.exd5 Ne5 34.Rxf8+ Kxf8
35.Bf1 Nc4 36.Bxc4 bxc4 37.b3 cxb3 38.cxb3 Ke7 39.Kg2 Kd7 40.Kf3 Kc7  0-1

[Event "Skopje ol (Men) fin-A"]
[Site "Skopje"]
[Date "1972.??.??"]
[Round "5"]
[White "Ciocaltea, Victor"]
[Black "Lombard, Andre"]
[Result "1-0"]
[WhiteElo "2470"]
[BlackElo "2380"]

1.e4 c5 2.Nf3 e6 3.Nc3 a6 4.d4 cxd4 5.Nxd4 d6 6.Bd3 Nf6 7.O-O Be7 8.f4 Qc7
9.Be3 b5 10.Qf3 Bb7 11.a4 b4 12.Nb1 Nbd7 13.Nd2 O-O 14.g4 g6 15.g5 Ne8 16.f5 exf5
17.Qh3 Qd8 18.Qh4 fxe4 19.Nxe4 d5 20.Ng3 Nd6 21.Ngf5 Ne5 22.Nh6+ Kh8 23.Ne6 Qd7
24.Nc5 Qc7 25.Bd4 Nb5 26.Nxf7+ Kg8 27.axb5 Rxf7 28.Rxf7 Nxf7 29.Nxb7 Qxb7
30.bxa6 Qc7 31.Rf1 Nxg5 32.Qg3 Bc5 33.Bxc5 Qxc5+ 34.Kg2 Qe7 35.Qf4 Nf7 36.Rf2 Ra7
37.Re2 Qd7 38.h3 Rc7 39.b3 Ra7 40.Qb8+ Kg7 41.Qxb4 Nd8 42.Qd4+ Kg8 43.Re5  1-0

[Event "Skopje ol (Men) prel"]
[Site "Skopje"]
[Date "1972.??.??"]
[Round "5"]
[White "Ujtumen, Tudev"]
[Black "Choon Foo, LC."]
[Result "1-0"]
[WhiteElo "2400"]
[BlackElo "2200"]

1.e4 c5 2.Nf3 e6 3.Nc3 a6 4.d4 cxd4 5.Nxd4 Qc7 6.Bd3 Nf6 7.O-O Nc6 8.Nb3 Be7
9.f4 d6 10.Be3 b5 11.a3 Bb7 12.Qf3 Rc8 13.Qh3 d5 14.exd5 exd5 15.Rae1 O-O
16.Nxd5  1-0

[Event "Skopje ol (Men) fin-B"]
[Site "Skopje"]
[Date "1972.??.??"]
[Round "5"]
[White "Ujtumen, Tudev"]
[Black "Hartston, William R"]
[Result "0-1"]
[WhiteElo "2400"]
[BlackElo "2420"]

1.e4 c5 2.Nf3 e6 3.Nc3 a6 4.d4 cxd4 5.Nxd4 Nc6 6.Be3 Qc7 7.a3 b5 8.Nb3 Bb7
9.f4 d6 10.Bd3 Nf6 11.O-O Be7 12.Qf3 O-O 13.Qh3 b4 14.Na4 bxa3 15.bxa3 Nd7
16.Rf3 Rfe8 17.Rg3 Bf8 18.Rf1 g6 19.Nb2 Bg7 20.Nd1 Ne7 21.f5 exf5 22.exf5 Nd5
23.fxg6 fxg6 24.Bd4 Ne5 25.Qh4 Rf8 26.Rh3 Rxf1+ 27.Bxf1 Qxc2 28.Na5 Qxd1
29.Bxe5 dxe5 30.Qxh7+ Kf7 31.Rd3 Qb1 32.Nxb7 Qxb7 33.Rf3+ Nf4 34.Bc4+ Kf6
35.Qh4+ g5 36.Qg4 Qc8 37.Rxf4+ exf4 38.Qe2 Qc5+ 39.Kf1 Qe5 40.Qd1 Ke7 41.Qa4 Qa1+
42.Ke2 Qb2+ 43.Kf3 g4+  0-1

[Event "Skopje ol (Men) fin-A"]
[Site "Skopje"]
[Date "1972.??.??"]
[Round "6"]
[White "Ornstein, Axel"]
[Black "Darga, Klaus"]
[Result "1-0"]
[WhiteElo "2200"]
[BlackElo "2540"]

1.e4 c5 2.Nf3 e6 3.d4 cxd4 4.Nxd4 a6 5.Nc3 Qc7 6.g3 Nf6 7.Bg2 Nc6 8.O-O d6
9.Re1 Bd7 10.Nxc6 Bxc6 11.a4 Be7 12.a5 O-O 13.Be3 Nd7 14.Na4 Rad8 15.Nb6 Nc5
16.Bd4 e5 17.Be3 Rb8 18.Nd5 Bxd5 19.Qxd5 b5 20.axb6 Rxb6 21.b3 Rb5 22.Rec1 Qb8
23.Bf1 Rb4 24.Bc4 Nd7 25.Rxa6 Nb6 26.Bxb6 Rxb6 27.Ra5 Qd8 28.Rca1 Rb8 29.Ra7 Kh8
30.Qc6 Rc8 31.Qd7 d5 32.Bxd5 Bc5 33.Qxd8 Rcxd8 34.Ra8 g6 35.Rxd8 Rxd8 36.Ra8 Rxa8
37.Bxa8 Kg7 38.Kf1 f5 39.Ke2 Kf6 40.exf5 Kxf5 41.c3 e4 42.b4 Bb6 43.f3 exf3+
44.Bxf3 h5 45.c4 Bc7 46.c5 h4 47.b5 hxg3 48.b6 g2 49.Bxg2  1-0

[Event "Skopje ol (Men) prel"]
[Site "Skopje"]
[Date "1972.??.??"]
[Round "6"]
[White "Jansa, Vlastimil"]
[Black "Fye Chan, MF."]
[Result "1-0"]
[WhiteElo "2480"]
[BlackElo "2200"]

1.d4 e6 2.e4 c5 3.Nf3 cxd4 4.Nxd4 a6 5.Nc3 Nc6 6.g3 Bb4 7.Bg2 Nge7 8.O-O O-O
9.Nde2 b5 10.a4 Bxc3 11.Nxc3 b4 12.Ne2 d5 13.exd5 Nxd5 14.Nf4 Nde7 15.Be3 Qa5
16.Qe2 Bb7 17.Qc4 Ne5 18.Qc5 N7c6 19.Qxa5 Nxa5 20.Bc5 Rfc8 21.Bxb4 Bxg2 22.Kxg2 Nac6
23.Bc3 Rab8 24.Rfe1  1-0